10 smallest countries in population - Statistics

General Stats
  • This quiz has been taken 17 times
  • The average score is 8 of 10
Answer Stats
Answer % Correct
Vatican city
100%
Monaco
92%
Nauru
92%
Palau
92%
San Marino
92%
Tuvalu
92%
Saint Kitts and Nevis
83%
Liechtenstein
75%
The Marshall Islands
67%
Dominica
42%
No matching quizzes found
Score Distribution
Percent of People with Each Score
Percentile by Number Answered
Your Score History
You have not taken this quiz